000 00733nam a2200217Ia 4500
001 19965
003 GE_BSU
008 181216s||||||||xx |||||||||||||| ||und||
040 _cGE_BSU
080 _aპერიოდიკა
245 _aბათუმელები №1 მარტი. 2017
245 _cმთავ. რედ. ე. თურაძე. რედ. ნ. კვაჭაძე
260 _aბათუმი
260 _bშპს "გაზეთი ბათუმელები
260 _c2017
300 _a120 გვ. : ილ. ; 28 სმ.
541 _h5ლ.
653 _aბათუმელები №1 მარტი. 2017
653 _aპერიოდიკა
942 _cCR
999 _c52935
_d52935